Saisons de Fortnite par images - Statistiques

Statistiques générales
  • Ce quiz a été pris 96 fois
    43 depuis la dernière actualisation
  • Le résultat moyen est 18 sur 33
Statistiques - réponses
Par images Hint Réponse % Correct
Médieval C1S2
73%
Mythes et Mortels C5S2
68%
Le futur est à vous C1S9
64%
Débridé C5S3
63%
C1S1 & pré-saison
62%
Une lueur dans le ciel C1S3
62%
Au coeur des ombres C1S6
62%
Il faudra bien vous couvrir C1S7
62%
Superproduction C1S4
60%
Hors du temps C1SX
60%
Un nouveau monde C2S1
58%
Paradis C3S4
58%
Jugement fatal C5S4
57%
Un X marque la voie C1S8
56%
Méga C4S2
56%
Top secret C2S2
54%
Un nouveau départ C4S1
54%
Le Nœud du conflit C2S4
52%
Crise Zéro C2S5
52%
Subversion C5S1
52%
Sans foi ni loi C6S2
52%
Faites des vagues C2S3
50%
Instinct primitif C2S6
50%
Dernière danse C4S4
50%
Chasseurs de démons C6S1
50%
Le choc des mondes C1S5
48%
Incubation C2S8
46%
Invasion C2S7
42%
Rébellion C3S2
42%
Enfer vert C4S3
42%
Bataille Galactique C6S3
42%
Retournement C3S1
39%
Relax C3S3
39%
Remix C5S5
38%
Aucun quiz correspondant
Distribution des résultats
% des personnes avec chaque résultat
Percentile par nombre de réponses
Votre historique - résultats
Vous n’avez pas pris ce quiz depuis la dernière actualisation